1985 1820 1371 1301 1195 1312 1196 1428 1095 1654 1183 1135 1616 1349 1355 1439 1265 1720 1581 1975 1529 1234 1237 1501 1506 1509 1405 1435 1606 1006 1709 1300 1703 1611 1039 1059 1873 1295 1957 1442 1951 1152 1595 1377 1371 1161 1829 1054 1481 1816 1251 1090 1169 1234 1181 1588 1627 1487 1327 1423 1247 1778 1046 1608 1497 1049 1298 1873 1525 1592 1784 1838 1920 1633 1188 1944 1640 1511 1553 1215 1542 1799 1404 1306 1779 1635 1077 1973 1797 1243 1660 1420 1909 1988 1050 1511 1467 1432 1982 BCNSPRNW ULIB Ver.6.0+V

เปลี่ยนเป็นภาษาไทย

Change to English
 แสดงรายละเอียดบรรณานุกรม
  กลับหน้าหลัก

Brief Record : Get Marc (ISO 2709) : E-mail record : QR code < ปิดหน้าต่าง
LEADER : 00000nam 2200000uu 4500
001    13399112409
003     ULIB
008    110627s2552||||th 000 0 tha d
020    9786167078038
090    นว.^bภ418W 2552
100 0  ภาคินัย
245 00 Ward ห้องคลอดมรณะ/^cภาคินัย
250    พิมพ์ครั้งที่ 1
260    กรุงเทพฯ :^bโซฟา พับลิชชิ่ง,^c2552
300    219 หน้า
710 1  โซฟา พับลิชชิ่ง
945    ^p179^l0^i026769
995    ทศพร
999 ^a ใช้งานได้ทุกระบบ
รายการนี้ยังไม่มีแท็ก
คุณยังไม่ได้ล็อกอิน คุณสามารถมีกิจกรรมร่วมกับเว็บไซต์ได้ แต่ต้องล็อกอินก่อน ::
  ล็อกอิน

รายการสื่อสารสนเทศ

ลำดับที่ ประเภท เลขเรียก/บาร์โค้ด สถานที่ สถานะ
- ไม่พบข้อมูล -

รายการใกล้เคียง
    ผู้แต่ง [ภาคินัย]

BibComment


ยังไม่เคยถูกคอมเมนท์

คอมเมนท์ทรัพยากรรายการนี้
  คอมเมนท์: Ward ห้องคลอดมรณะ..


 Copyright 2026. Bcnsprnw @Library